000 00790nam a2200253Ia 4500
003 OSt
005 20220923215646.0
006 a|||||r|||| 00| 0
007 ta
008 220922b |||||||| |||| 00| 0 hin d
024 _a180,650
037 _cTextual
040 _aARTS
_cARTS
_bhin
041 _2hin
_ahin
082 _aO152,1N07:g, J7
100 _aबाली, तारक नाथ
_9157452
245 0 _aमहादेवी वर्मा
246 _ahinādevī varmā
260 _aआगरा
_b पुस्तक मन्दिर
_c1957
300 _a165 पृ.
_ccm.
650 _aहिन्दी साहित्य
_9156264
942 _hO152,1N07:g, J7
_cTEXL
_2CC
999 _c334028
_d334028